Poops and farts : the bottom line /

Hlavní autor: Sekaninová, Štěpánka
Další autoři: Gomolčáková, Miroslava, Handák, Daniel, Dibble, Graeme, Dibble, Suzanne
Jazyk: Angličtina
Vydáno: Prague : Albatros, [2025]
Témata:
Fyzický popis: 47 stran : barevné ilustrace ; 29 cm
Knihy
Uloženo v:
LEADER 02630nam a2200685 i 4500
001 nkc20253663887
003 CZ PrNK
005 20251016142422.0
007 ta
008 250108t20252025xr a b f 000 0 eng
015 |a cnb003663887 
020 |a 978-80-00-07440-5  |q (vázáno) 
035 |a (OCoLC)1505965126 
040 |a BOA001  |b cze  |d ABA001  |e rda 
041 1 |a eng  |h cze 
072 7 |a 612  |x Fyziologie člověka a srovnávací fyziologie  |2 Konspekt  |9 14 
072 7 |a 0/9-053.2  |x Literatura pro děti a mládež (naučná)  |2 Konspekt  |9 26 
080 |a 591.149+612.36  |2 MRF 
080 |a 612.36  |2 MRF 
080 |a 591.43  |2 MRF 
080 |a 611.3  |2 MRF 
080 |a (0.062)  |2 MRF 
080 |a (0.053.2)  |2 MRF 
100 1 |a Sekaninová, Štěpánka  |7 ola2017959546  |4 aut 
240 1 0 |a Toaletní trhák, aneb, Všechno, co jste chtěli vědět o hovínku.  |l Anglicky  |7 aun20251252192 
245 1 0 |a Poops and farts :  |b the bottom line /  |c written by Štěpánka Sekaninová ; illustrated by Miroslava Gomolčáková & Daniel Handák ; translators: Graeme and Suzanne Dibble 
264 1 |a Prague :  |b Albatros,  |c [2025] 
264 4 |c ©2025 
300 |a 47 stran :  |b barevné ilustrace ;  |c 29 cm 
336 |a text  |b txt  |2 rdacontent 
336 |a statický obraz  |b sti  |2 rdacontent 
337 |a bez média  |b n  |2 rdamedia 
338 |a svazek  |b nc  |2 rdacarrier 
500 |a Přeloženo z češtiny 
500 |a Pro nakladatelství Albatros ve společnosti Albatros Media a.s. připravilo nakladatelství B4U Publishing 
504 |a Obsahuje bibliografii 
650 0 7 |a výkaly  |7 ph809000  |2 czenas 
650 0 7 |a lidské výkaly  |7 ph808999  |2 czenas 
650 0 7 |a defekace  |7 ph134739  |2 czenas 
650 0 7 |a trávicí ústrojí  |7 ph126779  |2 czenas 
650 0 9 |a excrements  |2 eczenas 
650 0 9 |a human excrements  |2 eczenas 
650 0 9 |a defecation  |2 eczenas 
650 0 9 |a alimentary tract  |2 eczenas 
655 7 |a populárně-naučné publikace  |7 fd131864  |2 czenas 
655 7 |a publikace pro děti  |7 fd133156  |2 czenas 
655 9 |a popular works  |2 eczenas 
655 9 |a children's literature  |2 eczenas 
700 1 |a Gomolčáková, Miroslava  |7 xx0324206  |4 ill 
700 1 |a Handák, Daniel  |7 xx0324208  |4 ill 
700 1 |a Dibble, Graeme  |7 xx0190660  |4 trl 
700 1 |a Dibble, Suzanne  |7 xx0203743  |4 trl 
910 2 |a BOA001  |b 4-1539.066 
928 9 |a Albatros Media - Albatros 
928 9 |a Albatros Media - B4U Publishing 
928 9 |a B4U Publishing 
990 |a BK 
995 |a 01 
991 |b 202501  |c NOV 
996 6 |b 2610991906  |c 4-1539.066  |l MZK  |r Sklad / do 1 hodiny  |n 0  |p p.v.  |w 001990607  |u 000010  |a 1  |e BOA001  |j MZK50  |s P